Nelson Textiles and Design : (Record no. 33891)
[ view plain ]
| 000 -LEADER | |
|---|---|
| fixed length control field | 00497nam a22001937a 4500 |
| 005 - DATE AND TIME OF LATEST TRANSACTION | |
| control field | 20231024141747.0 |
| 008 - FIXED-LENGTH DATA ELEMENTS--GENERAL INFORMATION | |
| fixed length control field | 231013b |||||||| |||| 00| 0 eng d |
| 020 ## - INTERNATIONAL STANDARD BOOK NUMBER | |
| ISBN | 9780170210713 |
| 082 ## - DEWEY DECIMAL CLASSIFICATION NUMBER | |
| Classification number | 646.2 |
| Item number | PET-N |
| 100 ## - MAIN ENTRY--AUTHOR | |
| Author Name | Peters,Lynda |
| 245 ## - TITLE STATEMENT | |
| Title | Nelson Textiles and Design : |
| Remainder of title | Preliminary and HSC |
| 250 ## - EDITION STATEMENT | |
| Edition statement | 2nd ed. |
| 260 ## - PUBLICATION, DISTRIBUTION, ETC. | |
| Place of Publication | China |
| Name of publisher, distributor, etc. | Cengage Learning Austrlia |
| Date of publication, distribution, etc. | 2012 |
| 300 ## - PHYSICAL DESCRIPTION | |
| Pages | 404 |
| 500 ## - GENERAL NOTE | |
| General note | Include Index |
| 650 ## - SUBJECT ADDED ENTRY--TOPICAL TERM | |
| Subject / Department | Architecture |
| 700 ## - ADDED ENTRY--PERSONAL NAME | |
| Personal name | Lynda Peters |
| 952 ## - LOCATION AND ITEM INFORMATION (KOHA) | |
| -- | 0 |
| -- | 0 |
| Lost status | Damaged status | Collection code | Permanent Location | Current Location | Shelving Location | Date acquired | Full Call Number | Accession No./Barcode | Date last seen | item type |
|---|---|---|---|---|---|---|---|---|---|---|
| Architecture | Superior Information Resource Center (SIRC) Superior University- Central Library | Superior Information Resource Center (SIRC) Superior University- Central Library | Architecture | 10/13/2023 | 646.2 PET-N 2012 | 20703 | 02/19/2024 | BOOK |
